000 02219nam2a2200241 4500
001 RU\NLR\BIBL_A\012922508
005 20250624225601.0
010 _a5-901563-56-5
_9100
035 _a(NLR Aleph) 012922508
090 _a12648677
_c12648677
100 _a20221026d2003 |||y0rusy50 ca
101 0 _arus
102 _aRU
105 _aa g 000zd
200 0 _aТ. 13
_fПравительство Ставропольского края, Ставропольская краевая общественная организация инвалидов - жертв политических репрессий
_gпод редакцией А. Ф. Золотухиной
210 _aСтаврополь
_cСтавропольская краевая ассоциация жертв незаконных политических репрессий
_cСтавропольская краевая типография
_d2003
215 _a248, [1] с.
_cил., табл.
461 0 _1001RU\NLR\BIBL_A\012922269
_12001#$aКнига памяти жертв политических репрессий Ставропольского края$fАдминистрация Ставропольского края, Ставропольская краевая ассоциация жертв незаконных политических репрессий$g[составители: А. Л. Козуб (руководитель) и др.$gпод редакцией В. А. Красули]$vТ. 13
_912648029
_cСтаврополь
_d1995
_fАдминистрация Ставропольского края, Ставропольская краевая ассоциация жертв незаконных политических репрессий
_nСтавропольская краевая ассоциация жертв незаконных политических репрессий
_tКнига памяти жертв политических репрессий Ставропольского края
_vТ. 13
942 _cBOOK
980 _aNB